[Event "GER-chT Seniors 24th"]
[Site "Berlin"]
[Date "2015.09.07"]
[Round "2.2"]
[White "Krug, Peter"]
[Black "Schwertel, Johann"]
[Result "1/2-1/2"]
[WhiteElo "2181"]
[BlackElo "2007"]
[PlyCount "91"]
[EventDate "2015.09.06"]
[EventType "team-swiss"]
[EventRounds "7"]
[EventCountry "GER"]
[SourceTitle "EXT 2018"]
[Source "ChessBase"]
[SourceDate "2017.10.13"]
[SourceVersion "1"]
[SourceVersionDate "2017.10.13"]
[SourceQuality "1"]
[WhiteTeam "Friesen Lichtenberg Seniors"]
[BlackTeam "Rheinland Pfalz Seniors II"]
[WhiteTeamCountry "GER"]
[BlackTeamCountry "GER"]

1. e4 c6 2. d4 d5 3. Nc3 dxe4 4. Nxe4 Nf6 5. Ng3 e5 6. Nf3 exd4 7. Qxd4 Qxd4 8. Nxd4 Bc5 9. Nb3 Bb6 10. Bd3 0-0 11. 0-0 Nbd7 12. Bf4 Re8 13. Rae1 Nf8 14. Rxe8 Nxe8 15. a4 Be6 16. a5 Bc7 17. Bxc7 Nxc7 18. Nc5 Bc8 19. Nf5 Nce6 20. Nxe6 Bxe6 21. Nd6 b6 22. Ra1 b5 23. Rd1 Rb8 24. Ne4 Bd5 25. f3 h6 26. Nc5 Ne6 27. Nxe6 fxe6 28. Kf2 Kf7 29. b3 b4 30. Ke3 c5 31. Be4 Rd8 32. f4 Kf6 33. g4 g6 34. h4 Re8 35. g5+ hxg5 36. hxg5+ Kf7 37. Rh1 Kg7 38. Rc1 Rh8 39. Rf1 Rh2 40. Bxd5 exd5 41. Kd3 Rh3+ 42. Kd2 c4 43. bxc4 dxc4 44. Rb1 b3 45. cxb3 cxb3 46. Rc1 1/2-1/2

[Event "Berlin-ch Seniors op 31st"]
[Site "Berlin"]
[Date "2015.02.05"]
[Round "7"]
[White "Krug, Peter"]
[Black "Glatthor, Thomas"]
[Result "1-0"]
[WhiteElo "2009"]
[BlackElo "1872"]
[PlyCount "63"]
[EventDate "2015.01.29"]
[EventType "swiss"]
[EventRounds "9"]
[EventCountry "GER"]
[SourceTitle "EXT 2018"]
[Source "ChessBase"]
[SourceDate "2017.10.13"]
[SourceVersion "1"]
[SourceVersionDate "2017.10.13"]
[SourceQuality "1"]

1. e4 d6 2. d4 g6 3. Nf3 Bg7 4. Nc3 Nf6 5. h3 c5 6. d5 0-0 7. Bd3 e5 8. dxe6 Bxe6 9. Bg5 Nc6 10. 0-0 h6 11. Be3 Nb4 12. Be2 Nc6 13. Qd2 Kh7 14. Rad1 Ne8 15. Nd5 Bxd5 16. Qxd5 Bxb2 17. e5 Bd4 18. exd6 Qxd6 19. Qxd6 Nxd6 20. Bxd4 Nxd4 21. Nxd4 cxd4 22. Rxd4 Nf5 23. Rd7 b6 24. Bd3 a5 25. Rb1 Rab8 26. g4 Nh4 27. f4 Kg7 28. Kf2 g5 29. f5 Kf6 30. Rb5 Rfd8 31. Rxd8 Rxd8 32. Rxb6+ 1-0

[Event "Berlin-ch Seniors op 31st"]
[Site "Berlin"]
[Date "2015.02.02"]
[Round "4"]
[White "Wolf, Manfred"]
[Black "Krug, Peter"]
[Result "1/2-1/2"]
[WhiteElo "1884"]
[BlackElo "2009"]
[PlyCount "83"]
[EventDate "2015.01.29"]
[EventType "swiss"]
[EventRounds "9"]
[EventCountry "GER"]
[SourceTitle "EXT 2018"]
[Source "ChessBase"]
[SourceDate "2017.10.13"]
[SourceVersion "1"]
[SourceVersionDate "2017.10.13"]
[SourceQuality "1"]

1. Nf3 d5 2. b3 Nf6 3. Bb2 Nbd7 4. e3 e6 5. Be2 Bd6 6. d4 0-0 7. 0-0 c5 8. Nbd2 b6 9. c4 Bb7 10. Ne5 Qb8 11. f4 Rd8 12. Nxd7 Nxd7 13. cxd5 exd5 14. Bd3 Nf8 15. Qh5 cxd4 16. Bxd4 Bc5 17. Rf3 Bxd4 18. exd4 Qd6 19. Rh3 g6 20. Qh6 Qf6 21. Nf3 Qg7 22. Qh4 f6 23. Qf2 Re8 24. Rg3 Qh6 25. Nd2 Re7 26. Re3 Rae8 27. Rae1 Qg7 28. Bb5 Rxe3 29. Rxe3 Rxe3 30. Qxe3 a6 31. Bd3 Qd7 32. Nf3 Qe6 33. Kf2 Qxe3+ 34. Kxe3 Kf7 35. h4 Bc8 36. b4 Ne6 37. f5 Ng7 38. fxg6+ hxg6 39. Bc2 Nf5+ 40. Kf4 Nh6 41. Bb3 Be6 42. Bc2 1/2-1/2

[Event "Berlin-ch Seniors op 28th"]
[Site "Berlin"]
[Date "2012.02.04"]
[Round "9.6"]
[White "Ahlberg, Guenter"]
[Black "Krug, Peter"]
[Result "0-1"]
[WhiteElo "1890"]
[BlackElo "2081"]
[PlyCount "102"]
[EventDate "2012.01.27"]
[EventType "swiss"]
[EventRounds "9"]
[EventCountry "GER"]
[SourceTitle "EXT 2022"]
[Source "ChessBase"]
[SourceDate "2021.10.06"]
[SourceVersion "1"]
[SourceVersionDate "2021.10.06"]
[SourceQuality "1"]

1. e4 e5 2. Nf3 Nc6 3. Bb5 a6 4. Ba4 d6 5. Bxc6+ bxc6 6. d4 exd4 7. Qxd4 c5 8. Qd3 Be7 9. 0-0 Be6 10. Nc3 Bf6 11. Nd5 Bxd5 12. exd5 Ne7 13. c3 0-0 14. Bg5 Ng6 15. Qf5 Bxg5 16. Nxg5 Qb8 17. b3 h6 18. Nf3 a5 19. Rab1 Re8 20. Rfe1 Qb5 21. c4 Qb4 22. Qc2 Rxe1+ 23. Nxe1 Re8 24. Nd3 Qb8 25. Re1 Rxe1+ 26. Nxe1 Qe8 27. Kf1 Qe5 28. g3 Qh5 29. Kg2 Ne5 30. Qd2 a4 31. h3 axb3 32. axb3 Qf5 33. Qe3 g5 34. Qc3 Qe4+ 35. Kg1 Kg7 36. Qe3 Qb1 37. Kg2 f5 38. Nf3 Nf7 39. Qc3+ Kg6 40. Qe3 Qe4 41. Qxe4 fxe4 42. Nd2 Kf5 43. Kf1 Ke5 44. Ke2 Kd4 45. Nb1 Ne5 46. Kd2 Nd3 47. Ke2 Nc1+ 48. Kd2 Nxb3+ 49. Kc2 Kxc4 50. Nc3 Nd4+ 51. Kd2 Nf5 0-1

[Event "Berlin-ch Seniors op 28th"]
[Site "Berlin"]
[Date "2012.02.02"]
[Round "7.9"]
[White "Keusch, Horst"]
[Black "Krug, Peter"]
[Result "1/2-1/2"]
[WhiteElo "1829"]
[BlackElo "2081"]
[PlyCount "90"]
[EventDate "2012.01.27"]
[EventType "swiss"]
[EventRounds "9"]
[EventCountry "GER"]
[SourceTitle "EXT 2022"]
[Source "ChessBase"]
[SourceDate "2021.10.06"]
[SourceVersion "1"]
[SourceVersionDate "2021.10.06"]
[SourceQuality "1"]

1. f4 Nf6 2. Nf3 g6 3. e3 Bg7 4. Be2 0-0 5. 0-0 c5 6. d3 d5 7. c3 Nc6 8. Qe1 Bg4 9. Nbd2 Bxf3 10. Nxf3 Qc7 11. Qh4 Rae8 12. d4 b6 13. Bd2 Ne4 14. Ng5 h6 15. Nxe4 dxe4 16. f5 gxf5 17. Rxf5 e6 18. Rh5 f5 19. Qh3 Qc8 20. Rf1 Ne7 21. Be1 Ng6 22. Bg3 cxd4 23. cxd4 Rf7 24. Bd1 Qc1 25. Bf2 Qxb2 26. Bb3 Kh7 27. d5 f4 28. dxe6 Rff8 29. Rf5 Rc8 30. Rxf8 Rxf8 31. exf4 Rxf4 32. Be3 Rxf1+ 33. Kxf1 Qf6+ 34. Ke2 Nf4+ 35. Bxf4 Qxf4 36. Qe3 Qe5 37. g3 Bf6 38. Qf4 Qxf4 39. gxf4 Be7 40. Ke3 Kg6 41. Kxe4 Kf6 42. f5 Bc5 43. h3 a5 44. Bc4 Bg1 45. Bb5 Bc5 1/2-1/2

[Event "Berlin-ch Seniors op 27th"]
[Site "Berlin"]
[Date "2011.02.02"]
[Round "5"]
[White "Krug, Peter"]
[Black "Pueschel, Werner"]
[Result "1-0"]
[WhiteElo "2059"]
[BlackElo "2071"]
[PlyCount "52"]
[EventDate "2011.01.29"]
[EventType "swiss"]
[EventRounds "9"]
[EventCountry "GER"]
[SourceTitle "EXT 2012"]
[Source "ChessBase"]
[SourceDate "2011.11.24"]
[SourceVersion "1"]
[SourceVersionDate "2011.11.24"]
[SourceQuality "1"]

1. e4 d5 2. exd5 Qxd5 3. Nc3 Qd6 4. d4 Nf6 5. Nf3 c6 6. g3 Bg4 7. Be2 e6 8. Bf4 Qb4 9. a3 Qb6 10. 0-0 Nbd7 11. b4 Bxf3 12. Bxf3 Nd5 13. Nxd5 cxd5 14. Re1 Be7 15. c4 dxc4 16. d5 e5 17. Bxe5 Nxe5 18. Rxe5 Qd6 19. Qe2 Kd8 20. Re1 Bf6 21. Re8+ Kd7 22. Bg4+ Kc7 23. Qxc4+ Kb6 24. a4 a5 25. R8e6 fxe6 26. Rxe6 Qxe6 1-0

[Event "Berlin-ch Seniors op 27th"]
[Site "Berlin"]
[Date "2011.02.01"]
[Round "4"]
[White "Francke, Joerg"]
[Black "Krug, Peter"]
[Result "0-1"]
[WhiteElo "1869"]
[BlackElo "2059"]
[PlyCount "91"]
[EventDate "2011.01.29"]
[EventType "swiss"]
[EventRounds "9"]
[EventCountry "GER"]
[SourceTitle "EXT 2012"]
[Source "ChessBase"]
[SourceDate "2011.11.24"]
[SourceVersion "1"]
[SourceVersionDate "2011.11.24"]
[SourceQuality "1"]

1. d4 d5 2. Nf3 c6 3. Bf4 Nf6 4. e3 Bf5 5. Nbd2 Nbd7 6. c4 e6 7. Be2 Be7 8. 0-0 0-0 9. a3 Nh5 10. Re1 Nxf4 11. exf4 Bd6 12. g3 h6 13. c5 Be7 14. b4 g5 15. fxg5 hxg5 16. Nf1 Kg7 17. Bd3 Bxd3 18. Qxd3 Rh8 19. Ra2 Rh6 20. Rae2 Qh8 21. Ne3 Nf6 22. Kg2 Ne4 23. Ng4 Rh5 24. Rxe4 dxe4 25. Qxe4 Kf8 26. Nfe5 Qg7 27. Re3 Kg8 28. Nf3 Rd8 29. Nge5 f5 30. Qc2 g4 31. Ng1 Qh7 32. h3 gxh3+ 33. Kh2 f4 34. Qxh7+ Rxh7 35. gxf4 Rxd4 36. Nef3 Rxf4 37. Rxe6 Rg7 38. Re3 Bh4 39. Nxh3 Rh7 40. Nxh4 Rfxh4 41. f4 R7h5 42. Rd3 Rd5 43. Re3 Rd2+ 44. Kh1 Rd7 45. Rg3+ Kf8 46. Kg1 0-1

[Event "Berlin-ch Seniors op 27th"]
[Site "Berlin"]
[Date "2011.01.30"]
[Round "2"]
[White "Barnack, Gerd"]
[Black "Krug, Peter"]
[Result "0-1"]
[WhiteElo "1806"]
[BlackElo "2059"]
[PlyCount "74"]
[EventDate "2011.01.29"]
[EventType "swiss"]
[EventRounds "9"]
[EventCountry "GER"]
[SourceTitle "EXT 2012"]
[Source "ChessBase"]
[SourceDate "2011.11.24"]
[SourceVersion "1"]
[SourceVersionDate "2011.11.24"]
[SourceQuality "1"]

1. g4 d5 2. Bg2 c6 3. h3 e5 4. d3 Be6 5. Nf3 f6 6. Nc3 Ne7 7. 0-0 Ng6 8. e4 d4 9. Ne2 c5 10. Ng3 Nc6 11. Nf5 Qd7 12. c3 0-0-0 13. cxd4 exd4 14. a3 Nge5 15. Nxe5 fxe5 16. Bg5 Re8 17. b4 h6 18. Bd2 g6 19. Ng3 h5 20. f3 Kb8 21. b5 Nd8 22. Qa4 Be7 23. Rfc1 Ref8 24. Rab1 b6 25. Qd1 hxg4 26. fxg4 Bh4 27. Be1 Nf7 28. Nf5 Bxe1 29. Qxe1 gxf5 30. gxf5 Rfg8 31. Kh2 Nh6 32. fxe6 Qxe6 33. Rb2 Ng4+ 34. Kh1 Ne3 35. Bf1 Rxh3+ 36. Bxh3 Qxh3+ 37. Rh2 Qf3+ 0-1

[Event "Berlin-ch Seniors op 26th"]
[Site "Berlin"]
[Date "2010.02.16"]
[Round "8"]
[White "Badestein, Hartmut"]
[Black "Krug, Peter"]
[Result "1/2-1/2"]
[WhiteElo "2019"]
[BlackElo "2079"]
[PlyCount "20"]
[EventDate "2010.02.09"]
[EventType "swiss"]
[EventRounds "9"]
[EventCountry "GER"]
[SourceTitle "EXT 2012"]
[Source "ChessBase"]
[SourceDate "2011.11.24"]
[SourceVersion "1"]
[SourceVersionDate "2011.11.24"]
[SourceQuality "1"]

1. d4 d5 2. Nf3 c6 3. c4 e6 4. e3 Nd7 5. Nc3 Ngf6 6. Bd3 Bd6 7. 0-0 0-0 8. e4 dxe4 9. Nxe4 Nxe4 10. Bxe4 h6 1/2-1/2

[Event "Berlin-ch Seniors op 26th"]
[Site "Berlin"]
[Date "2010.02.15"]
[Round "7"]
[White "Krug, Peter"]
[Black "Keusch, Horst"]
[Result "1-0"]
[WhiteElo "2079"]
[BlackElo "1879"]
[PlyCount "55"]
[EventDate "2010.02.09"]
[EventType "swiss"]
[EventRounds "9"]
[EventCountry "GER"]
[SourceTitle "EXT 2012"]
[Source "ChessBase"]
[SourceDate "2011.11.24"]
[SourceVersion "1"]
[SourceVersionDate "2011.11.24"]
[SourceQuality "1"]

1. e4 g6 2. d4 c6 3. c4 Bg7 4. Nc3 d6 5. Be3 Nd7 6. Nf3 e5 7. Be2 Ngf6 8. h3 0-0 9. dxe5 dxe5 10. Qc2 Qe7 11. 0-0 Re8 12. Rfd1 Nh5 13. Bf1 Nf8 14. c5 Ne6 15. b3 Bd7 16. Rd6 Rad8 17. Rad1 Bc8 18. b4 Rxd6 19. cxd6 Qd7 20. Bxa7 c5 21. Nd5 Nd4 22. Nxd4 cxd4 23. Ne7+ Kf8 24. Rc1 b6 25. Nxc8 Nf6 26. Bxb6 Bh6 27. Bc7 Bxc1 28. Nb6 1-0

[Event "Berlin-ch Seniors op 26th"]
[Site "Berlin"]
[Date "2010.02.10"]
[Round "2"]
[White "Krug, Peter"]
[Black "Mueller, Johannes"]
[Result "1-0"]
[WhiteElo "2079"]
[BlackElo "1792"]
[PlyCount "71"]
[EventDate "2010.02.09"]
[EventType "swiss"]
[EventRounds "9"]
[EventCountry "GER"]
[SourceTitle "EXT 2012"]
[Source "ChessBase"]
[SourceDate "2011.11.24"]
[SourceVersion "1"]
[SourceVersionDate "2011.11.24"]
[SourceQuality "1"]

1. e4 c6 2. d4 d5 3. Nc3 g6 4. Nf3 Bg7 5. exd5 cxd5 6. Bb5+ Bd7 7. Qe2 Nf6 8. Bxd7+ Nbxd7 9. 0-0 0-0 10. Bf4 a6 11. Rfe1 Re8 12. Ne5 Rc8 13. Rad1 Nb6 14. Qf3 Nc4 15. Bc1 b5 16. a3 Rc7 17. h4 h6 18. g4 e6 19. g5 hxg5 20. Bxg5 Nxb2 21. Rb1 Nc4 22. Ng4 Qc8 23. Nxf6+ Bxf6 24. Qxf6 Kh7 25. Kg2 e5 26. Nxd5 Qb7 27. Qf3 e4 28. Nf6+ Kh8 29. Nxe4 f5 30. Nc5 Qxf3+ 31. Kxf3 Rxe1 32. Rxe1 Nxa3 33. Re8+ Kh7 34. Bf6 g5 35. hxg5 Nxc2 36. Rh8+ 1-0

[Event "Oberliga Nord O 0910"]
[Site "Germany"]
[Date "2009.11.29"]
[Round "3.8"]
[White "Krug, Peter"]
[Black "Maxion, Dirk"]
[Result "1/2-1/2"]
[WhiteElo "2175"]
[BlackElo "2210"]
[PlyCount "77"]
[EventDate "2009.10.18"]
[EventType "team-tourn"]
[EventRounds "9"]
[EventCountry "GER"]
[SourceTitle "EXT 2011"]
[Source "ChessBase"]
[SourceDate "2010.11.26"]
[SourceVersion "1"]
[SourceVersionDate "2010.11.26"]
[SourceQuality "1"]
[WhiteTeam "Lichtenberg"]
[BlackTeam "Koenig Tegel"]
[WhiteTeamCountry "GER"]
[BlackTeamCountry "GER"]

1. e4 c5 2. Nf3 d6 3. d4 cxd4 4. Nxd4 Nf6 5. Nc3 Nc6 6. Be2 g6 7. Be3 Bg7 8. Qd2 0-0 9. 0-0 Bd7 10. f4 Rc8 11. Rad1 Nxd4 12. Bxd4 Bc6 13. Bf3 b5 14. a3 a5 15. Qf2 Nd7 16. Bxg7 Kxg7 17. Qd4+ Kg8 18. Bg4 Rc7 19. Bxd7 Rxd7 20. f5 Qb8 21. Kh1 b4 22. Nd5 Bxd5 23. Qxd5 Rc7 24. Rd2 Rc5 25. Qd4 Qb5 26. Rdf2 Rxc2 27. f6 exf6 28. Rxf6 Qe5 29. Rxd6 Qxd4 30. Rxd4 Rxb2 31. axb4 Rxb4 32. Rd5 a4 33. e5 Rfb8 34. Ra5 R8b5 35. Ra8+ Kg7 36. Ra7 Rf4 37. Kg1 Rbb4 38. Rxf4 Rxf4 39. e6 1/2-1/2

[Event "GER-chT Seniors 18th"]
[Site "Finsterbergen"]
[Date "2009.09.17"]
[Round "6"]
[White "Krug, Peter"]
[Black "Siegmund, Rainer"]
[Result "1/2-1/2"]
[WhiteElo "2175"]
[BlackElo "2145"]
[PlyCount "48"]
[EventDate "2009.09.12"]
[EventType "team-swiss"]
[EventRounds "7"]
[EventCountry "GER"]
[SourceTitle "CBM 132 Extra"]
[Source "ChessBase"]
[SourceDate "2009.11.03"]
[SourceVersion "1"]
[SourceVersionDate "2009.11.03"]
[SourceQuality "1"]

1. Nf3 c5 2. g3 Nc6 3. Bg2 g6 4. c4 Bg7 5. Nc3 e5 6. d3 d6 7. 0-0 Nge7 8. a3 0-0 9. Rb1 a5 10. Bd2 h6 11. Ne1 Rb8 12. Nc2 Be6 13. Nd5 Bxd5 14. cxd5 Nd4 15. Nxd4 exd4 16. b4 axb4 17. axb4 b6 18. bxc5 bxc5 19. Rxb8 Qxb8 20. Qa4 Qb7 21. Ra1 Rb8 22. Bf4 Qc7 23. Bf3 g5 24. Bd2 Bf8 1/2-1/2

[Event "GER-chT Seniors 18th"]
[Site "Finsterbergen"]
[Date "2009.09.14"]
[Round "3"]
[White "Kripp, Wolfgang"]
[Black "Krug, Peter"]
[Result "1-0"]
[WhiteElo "2159"]
[BlackElo "2175"]
[PlyCount "111"]
[EventDate "2009.09.12"]
[EventType "team-swiss"]
[EventRounds "7"]
[EventCountry "GER"]
[SourceTitle "CBM 132 Extra"]
[Source "ChessBase"]
[SourceDate "2009.11.03"]
[SourceVersion "1"]
[SourceVersionDate "2009.11.03"]
[SourceQuality "1"]

1. e4 e5 2. Nf3 Nc6 3. d4 exd4 4. c3 d3 5. Bxd3 d6 6. h3 Nf6 7. 0-0 Be7 8. Qc2 0-0 9. Bf4 Nd7 10. Nd4 Bf6 11. Be3 Re8 12. f4 g6 13. Nd2 Bg7 14. Rae1 Nf6 15. N2f3 Bd7 16. f5 Ne5 17. fxg6 fxg6 18. Nxe5 dxe5 19. Qb3+ Kh8 20. Nf3 h6 21. Bc4 Nxe4 22. Bf7 Rf8 23. Bxg6 Ng3 24. Rf2 Qf6 25. Qc2 Bf5 26. Bxf5 Qxf5 27. Qxf5 Rxf5 28. Nh4 Rh5 29. Ng6+ Kh7 30. Rf3 Kxg6 31. Rxg3+ Kh7 32. Rf3 e4 33. Rf7 Kg6 34. Rxc7 Rb5 35. c4 Be5 36. cxb5 Bxc7 37. Bd4 Rd8 38. Be3 b6 39. Rc1 Bg3 40. Kf1 h5 41. Ke2 Rd5 42. a4 Kf5 43. Rd1 Rxd1 44. Kxd1 Bf4 45. Bd4 Be5 46. Bxe5 Kxe5 47. g3 e3 48. Ke2 Ke4 49. b4 Kd4 50. g4 hxg4 51. hxg4 Ke4 52. g5 Kf5 53. Kxe3 Kxg5 54. Ke4 Kf6 55. Kd5 Ke7 56. Kc6 1-0

[Event "Berlin-ch Seniors op 25th"]
[Site "Berlin"]
[Date "2009.02.12"]
[Round "1"]
[White "Bauer, Stefan"]
[Black "Krug, Peter"]
[Result "0-1"]
[WhiteElo "1768"]
[BlackElo "2186"]
[PlyCount "78"]
[EventDate "2009.02.12"]
[EventType "swiss"]
[EventRounds "9"]
[EventCountry "GER"]
[SourceTitle "EXT 2022"]
[Source "ChessBase"]
[SourceDate "2021.10.06"]
[SourceVersion "1"]
[SourceVersionDate "2021.10.06"]
[SourceQuality "1"]

1. Nf3 d5 2. d4 c6 3. c3 Nf6 4. h3 h6 5. Bf4 Bf5 6. Nbd2 e6 7. e3 Bd6 8. Bxd6 Qxd6 9. Ne5 Nbd7 10. f4 Qe7 11. Qb3 Nxe5 12. fxe5 Ne4 13. Nxe4 Bxe4 14. h4 0-0 15. 0-0-0 c5 16. Qa3 Rfc8 17. Rd2 a6 18. Bd3 Bxd3 19. Rxd3 b5 20. dxc5 Rxc5 21. b4 Rc4 22. g3 Qc7 23. Kd2 Qxe5 24. Rg1 Rg4 25. Rd4 Rxg3 26. Re1 Rg2+ 27. Kc1 Qh2 28. Kb1 Rg1 29. Qc1 Rxe1 30. Qxe1 a5 31. Rd2 Qe5 32. Rd4 axb4 33. cxb4 Ra3 34. Qc1 Rxe3 35. Qc8+ Kh7 36. Qc2+ f5 37. Rd1 Re4 38. a3 Rxh4 39. Rg1 Rh2 0-1

[Event "GER-chT Seniors 17th"]
[Site "Berlin"]
[Date "2008.09.05"]
[Round "6"]
[White "Troeger, Rainer"]
[Black "Krug, Peter"]
[Result "1-0"]
[WhiteElo "2188"]
[BlackElo "2197"]
[PlyCount "65"]
[EventDate "2008.08.31"]
[EventType "team-swiss"]
[EventRounds "7"]
[EventCountry "GER"]
[SourceTitle "CBM 126 Extra"]
[Source "ChessBase"]
[SourceDate "2008.11.05"]
[SourceVersion "1"]
[SourceVersionDate "2008.11.05"]
[SourceQuality "1"]

1. Nf3 d5 2. g3 Nf6 3. Bg2 c6 4. d3 Bg4 5. Nbd2 Nbd7 6. h3 Bxf3 7. Nxf3 e6 8. 0-0 Bd6 9. Re1 0-0 10. e4 Qc7 11. Qe2 dxe4 12. dxe4 e5 13. Bg5 h6 14. Bd2 Rfe8 15. Nh4 Bf8 16. Nf5 Nc5 17. Qf3 Rad8 18. Rad1 Re6 19. g4 Nh7 20. h4 Rg6 21. Qe2 Ne6 22. c3 Bc5 23. Kf1 Rf6 24. Be3 Bxe3 25. Qxe3 Nf4 26. Qxa7 g6 27. Nxh6+ Kg7 28. g5 Nxg2 29. gxf6+ Kxh6 30. Kxg2 Rxd1 31. Qe3+ g5 32. Rxd1 Kg6 33. Qh3 1-0

[Event "GER-chT Seniors 17th"]
[Site "Berlin"]
[Date "2008.09.02"]
[Round "3"]
[White "Milstein, Boris"]
[Black "Krug, Peter"]
[Result "0-1"]
[WhiteElo "2165"]
[BlackElo "2197"]
[PlyCount "130"]
[EventDate "2008.08.31"]
[EventType "team-swiss"]
[EventRounds "7"]
[EventCountry "GER"]
[SourceTitle "CBM 126 Extra"]
[Source "ChessBase"]
[SourceDate "2008.11.05"]
[SourceVersion "1"]
[SourceVersionDate "2008.11.05"]
[SourceQuality "1"]

1. e4 e5 2. Nf3 Nc6 3. Bb5 a6 4. Ba4 d6 5. c3 f5 6. d3 Nf6 7. Bg5 Be7 8. Bb3 Na5 9. Bc2 0-0 10. exf5 Bxf5 11. Nbd2 Nc6 12. d4 Bxc2 13. Qxc2 exd4 14. cxd4 Kh8 15. 0-0 Qd7 16. h3 h6 17. Bh4 Nd5 18. Bxe7 Ncxe7 19. Rae1 Rf4 20. Re2 Raf8 21. Rfe1 R4f7 22. Nh4 Nf4 23. Re3 g5 24. Nhf3 Ned5 25. Re4 g4 26. Rxf4 Nxf4 27. Nh4 Rg7 28. Ne4 gxh3 29. g3 Qf7 30. Kh2 Ng6 31. Nxg6+ Qxg6 32. Qd2 Qh5 33. Re3 Rgf7 34. f4 Qf5 35. d5 Qg6 36. Nf2 Rxf4 37. Nxh3 Rc4 38. Rd3 Kh7 39. b3 Re4 40. Nf4 Qf5 41. Rf3 Qe5 42. Qc2 Kg8 43. Rf2 Rf7 44. Qd1 Qg5 45. Qd3 Re5 46. Qd4 Qf5 47. Nh3 Qe4 48. Qd2 Rxf2+ 49. Nxf2 Qe3 50. Qc2 Rh5+ 51. Kg2 Rg5 52. g4 Qc5 53. Qe2 Qxd5+ 54. Kg1 Re5 55. Qc2 Re1+ 56. Kh2 Qf7 57. Nh3 Re3 58. Nf2 Rf3 59. Nh3 Kg7 60. Kg2 Re3 61. Ng1 c6 62. Qb2+ Qf6 63. Qd2 Qe5 64. Qf2 d5 65. Nf3 Qe4 0-1

[Event "Oberliga Nord O 0708"]
[Site "Germany"]
[Date "2008.03.09"]
[Round "7.7"]
[White "Krug, Peter"]
[Black "Duester, Christian"]
[Result "1-0"]
[WhiteElo "2167"]
[BlackElo "2205"]
[PlyCount "74"]
[EventDate "2007.10.21"]
[EventType "team-tourn"]
[EventRounds "9"]
[EventCountry "GER"]
[SourceTitle "EXT 2009"]
[Source "ChessBase"]
[SourceDate "2008.11.26"]
[SourceVersion "1"]
[SourceVersionDate "2008.11.26"]
[SourceQuality "1"]
[WhiteTeam "Friesen Lichtenberg"]
[BlackTeam "Pankow Rotation"]
[WhiteTeamCountry "GER"]
[BlackTeamCountry "GER"]

1. e4 e5 2. Nf3 Nc6 3. Bc4 Nf6 4. d3 Be7 5. 0-0 0-0 6. c3 d6 7. h3 Na5 8. Bb5 h6 9. Re1 a6 10. Ba4 Nh7 11. d4 exd4 12. cxd4 Ng5 13. Nxg5 Bxg5 14. Nc3 Nc6 15. d5 Bxc1 16. Rxc1 Ne5 17. f4 Ng6 18. f5 Ne5 19. Ne2 g6 20. Rf1 b5 21. Bb3 a5 22. Qd2 Kh7 23. a3 b4 24. axb4 axb4 25. fxg6+ Kxg6 26. Nf4+ Kh7 27. Nd3 Qe7 28. Nxe5 dxe5 29. Rc6 f6 30. Rfc1 Bd7 31. Rxc7 Rfc8 32. d6 Qe8 33. Qxb4 Rxc7 34. dxc7 Kg6 35. Bd5 Ra4 36. Qb8 Bc8 37. Bc6 Ra1 1-0

[Event "Berlin-ch Seniors op 24th"]
[Site "Berlin"]
[Date "2008.02.29"]
[Round "9"]
[White "Reichenbach, Werner"]
[Black "Krug, Peter"]
[Result "1-0"]
[WhiteElo "2193"]
[BlackElo "2088"]
[PlyCount "59"]
[EventDate "2008.02.21"]
[EventType "swiss"]
[EventRounds "9"]
[EventCountry "GER"]
[SourceTitle "EXT 2022"]
[Source "ChessBase"]
[SourceDate "2021.10.06"]
[SourceVersion "1"]
[SourceVersionDate "2021.10.06"]
[SourceQuality "1"]

1. Nf3 d6 2. d4 Nf6 3. c4 g6 4. g3 Bg7 5. Bg2 0-0 6. 0-0 c6 7. Nc3 Nbd7 8. e4 e5 9. h3 Qc7 10. Be3 Re8 11. Re1 exd4 12. Nxd4 Nc5 13. Qc2 Be6 14. b3 Rad8 15. Rad1 Bc8 16. Kh2 a5 17. Rd2 h5 18. Kg1 Nh7 19. Red1 Bf6 20. Nde2 Ng5 21. h4 Nge6 22. f4 Be7 23. Bf2 Ng7 24. Nd4 Bg4 25. Bf3 Qc8 26. Kg2 Bxf3+ 27. Nxf3 Qg4 28. Nh2 Qe6 29. Re2 Bf6 30. e5 1-0

[Event "Oberliga Nord O 0708"]
[Site "Germany"]
[Date "2007.11.04"]
[Round "2.7"]
[White "Krug, Peter"]
[Black "Behrmann, Joachim"]
[Result "1/2-1/2"]
[WhiteElo "2167"]
[BlackElo "2212"]
[PlyCount "22"]
[EventDate "2007.10.21"]
[EventType "team-tourn"]
[EventRounds "9"]
[EventCountry "GER"]
[SourceTitle "EXT 2009"]
[Source "ChessBase"]
[SourceDate "2008.11.26"]
[SourceVersion "1"]
[SourceVersionDate "2008.11.26"]
[SourceQuality "1"]
[WhiteTeam "Friesen Lichtenberg"]
[BlackTeam "Zehlendorf II"]
[WhiteTeamCountry "GER"]
[BlackTeamCountry "GER"]

1. e4 e5 2. Nf3 Nc6 3. Bc4 Bc5 4. 0-0 d6 5. c3 Bg4 6. d3 Qf6 7. Nbd2 Nge7 8. Re1 Ng6 9. h3 Bxf3 10. gxf3 Nf4 11. Kf1 Nxh3 1/2-1/2

[Event "Oberliga Nord O 0708"]
[Site "Germany"]
[Date "2007.10.21"]
[Round "1.6"]
[White "Krug, Peter"]
[Black "Pueschel, Werner"]
[Result "0-1"]
[WhiteElo "2167"]
[BlackElo "2174"]
[PlyCount "66"]
[EventDate "2007.10.21"]
[EventType "team-tourn"]
[EventRounds "9"]
[EventCountry "GER"]
[SourceTitle "EXT 2009"]
[Source "ChessBase"]
[SourceDate "2008.11.26"]
[SourceVersion "1"]
[SourceVersionDate "2008.11.26"]
[SourceQuality "1"]
[WhiteTeam "Friesen Lichtenberg"]
[BlackTeam "Lasker Steglitz"]
[WhiteTeamCountry "GER"]
[BlackTeamCountry "GER"]

1. e4 d5 2. exd5 Qxd5 3. Nc3 Qd6 4. Nf3 a6 5. d3 Nf6 6. Be2 Nc6 7. h3 h6 8. Be3 Bf5 9. a3 g5 10. Nd2 Bg7 11. Bf3 0-0-0 12. Nb3 Be6 13. Nc5 Bd5 14. 0-0 Bxf3 15. Qxf3 Nd5 16. N3e4 Qg6 17. c4 Ne5 18. Qe2 Nf4 19. Bxf4 gxf4 20. f3 Qb6 21. Kh1 f5 22. Na4 Qc6 23. Nec3 Rxd3 24. Rac1 Rhd8 25. Rc2 Nxc4 26. Rfc1 b5 27. Na2 Qd6 28. N4c3 Ne3 29. Nb4 Rd2 30. Nxb5 axb5 31. Qxd2 Qxd2 32. Rxc7+ Kb8 33. R7c5 Qxg2# 0-1

[Event "GER-chT Seniors 16th"]
[Site "Halle"]
[Date "2007.09.17"]
[Round "5.3"]
[White "Landgraf, Siegfried"]
[Black "Krug, Peter"]
[Result "1/2-1/2"]
[WhiteElo "2160"]
[BlackElo "2167"]
[PlyCount "45"]
[EventDate "2007.09.13"]
[EventType "team"]
[EventRounds "7"]
[EventCountry "GER"]
[SourceTitle "EXT 2008"]
[Source "ChessBase"]
[SourceDate "2007.11.25"]
[SourceVersion "1"]
[SourceVersionDate "2007.11.25"]
[SourceQuality "1"]

1. Nf3 d6 2. d4 Nf6 3. g3 g6 4. Bg2 Bg7 5. 0-0 0-0 6. a4 c6 7. Nc3 Qc7 8. e4 Nbd7 9. h3 e5 10. Re1 Re8 11. Be3 Nf8 12. Qd2 Ne6 13. Rad1 Bf8 14. g4 b6 15. d5 cxd5 16. exd5 Nc5 17. Bg5 Be7 18. b4 Ncd7 19. Nb5 Qb8 20. Bf1 a6 21. Na3 Bb7 22. c4 Qd8 23. Be3 1/2-1/2